<?xml version="1.0" encoding="UTF-8"?>
<record
    xmlns:xsi="http://www.w3.org/2001/XMLSchema-instance"
    xsi:schemaLocation="http://www.loc.gov/MARC21/slim http://www.loc.gov/standards/marcxml/schema/MARC21slim.xsd"
    xmlns="http://www.loc.gov/MARC21/slim">

  <leader>04209nab a2200277 i 4500</leader>
  <controlfield tag="003">BR-BrBNA</controlfield>
  <controlfield tag="005">20250730110355.0</controlfield>
  <controlfield tag="008">250730b2020    bl.ar|pooa||| 00| 0 spa |</controlfield>
  <datafield tag="040" ind1=" " ind2=" ">
    <subfield code="a">BR-BrBNA</subfield>
    <subfield code="b">spa</subfield>
  </datafield>
  <datafield tag="072" ind1=" " ind2=" ">
    <subfield code="a">F62</subfield>
  </datafield>
  <datafield tag="072" ind1=" " ind2=" ">
    <subfield code="a">F03</subfield>
  </datafield>
  <datafield tag="100" ind1=" " ind2=" ">
    <subfield code="a">Manfreda, Vilma Teresa </subfield>
  </datafield>
  <datafield tag="100" ind1=" " ind2=" ">
    <subfield code="a">Alcaraz, Mar&#xED;a Luciana </subfield>
  </datafield>
  <datafield tag="100" ind1=" " ind2=" ">
    <subfield code="a">Scaramuzzino, Rosa Lourdes </subfield>
  </datafield>
  <datafield tag="245" ind1=" " ind2=" ">
    <subfield code="a">Germinaci&#xF3;n de Baccharis dracunculifolia subsp. tandilensis: caracterizaci&#xF3;n basada en la temperatura, la luz y la salinidad </subfield>
  </datafield>
  <datafield tag="500" ind1=" " ind2=" ">
    <subfield code="a">Publica&#xE7;&#xE3;o on-line; Bibliography p. 10-13 (63 ref.); 4 tables; 2 illus.; Summaries (En, Es)</subfield>
  </datafield>
  <datafield tag="520" ind1=" " ind2=" ">
    <subfield code="a">

Abstract

Baccharis dracunculifolia is a South American dioecious shrub of the Asteraceae family, with a wide
geographic distribution and potential use for recovery of degraded areas, ornamental and medicinal
purposes. There are two subspecies: B. dracunculifolia subsp. dracunculifolia and B. dracunculifolia
subsp. tandilensis. The latter is endemic to the Tandilia hills system in Argentina and recently was
recorded its expansion to another environment, the coastal dunes in the Buenos Aires province. The aims
of this research were to characterize the germination of B. dracunculifolia subsp. tandilensis according
to temperature and light, and to compare the germination in saline conditions of seeds coming from hills
(A) and marine coastal dune environment (C). Germination responds positively to light without showing
another important type of primary dormancy. Thermal time was 2500&#xB0;Ch (104&#xB0;Cd) and base temperature
of 6&#xB0;C, without temperature germination constraints between 20&#x2013;28&#xB0;C and thermo-inhibition at 35&#xB0; C.
Response to NaCl concentrations was similar between seeds from environments A and C, both showed
strong germination inhibition at 100 mM of NaCl and higher concentrations. These results are discussed
in relation to environmental conditions and in comparation whit physiological characteristics reported
for subsp. dracunculifolia and other species within the genus Baccharis. 

Key words: germination, thermal time, light-dark, salinity, Baccharis sp.





Resumen

Baccharis dracunculifolia es un arbusto dioico sudamericano de la familia Asteraceae, de amplia
distribuci&#xF3;n geogr&#xE1;fica con potencial uso en la recuperaci&#xF3;n de &#xE1;reas degradadas, ornamental y medicinal.
Existen dos subespecies: B. dracunculifolia subesp. dracunculifolia y B. dracunculifolia subesp.
tandilensis. Esta &#xFA;ltima es end&#xE9;mica del sistema serrano de Tandilia y fue recientemente registrada su
expansi&#xF3;n a dunas costeras de la provincia de Buenos Aires. Los objetivos del trabajo fueron caracterizar
la germinaci&#xF3;n de B. dracunculifolia subesp. tandilensis seg&#xFA;n la temperatura y luz, y comparar la
germinaci&#xF3;n en condiciones salinas de semillas provenientes del &#xE1;mbito serrano (A) con las de la costa
mar&#xED;tima (C). Se pudo comprobar que la germinaci&#xF3;n responde positivamente a la luz y sin presentar
otro tipo de dormici&#xF3;n primaria de importancia. El tiempo t&#xE9;rmico estimado fue 2500&#xB0;Ch (104&#xB0;Cd&#xED;a) y la
temperatura base de 6&#xB0;C, respondiendo al rango de 20 a 28&#xB0;C con una germinaci&#xF3;n &#xF3;ptima y encontr&#xE1;ndose
termoinhibidas a 35&#xB0;C. La respuesta a diferentes concentraciones de NaCl fue similar entre las semillas
procedentes de A y C: concentraciones de 100 mM de NaCl y superiores fueron fuertemente inhibitorias
de la germinaci&#xF3;n. Se discuten estos resultados relacion&#xE1;ndolos con distintas condiciones ambientales y
compar&#xE1;ndolos con caracter&#xED;sticas fisiol&#xF3;gicas de la germinaci&#xF3;n publicadas para la subsp. dracunculifolia
y otras especies del g&#xE9;nero Baccharis.

Palabras clave: germinaci&#xF3;n, tiempo t&#xE9;rmico, luz-oscuridad, salinidad, Baccharis sp.</subfield>
  </datafield>
  <datafield tag="650" ind1=" " ind2=" ">
    <subfield code="a">GERMINA&#xC7;&#xC3;O</subfield>
  </datafield>
  <datafield tag="650" ind1=" " ind2=" ">
    <subfield code="a">RADIA&#xC7;&#xC3;O LUMINOSA</subfield>
  </datafield>
  <datafield tag="650" ind1=" " ind2=" ">
    <subfield code="a">SALINIDADE</subfield>
  </datafield>
  <datafield tag="650" ind1=" " ind2=" ">
    <subfield code="a">BACCHARIS</subfield>
  </datafield>
  <datafield tag="773" ind1="0" ind2=" ">
    <subfield code="0">709</subfield>
    <subfield code="9">353216</subfield>
    <subfield code="d">Rio de Janeiro-RJ Jardim Botanico do Rio de Janeiro 1935</subfield>
    <subfield code="o">2025-4473</subfield>
    <subfield code="t">Rodrigu&#xE9;sia (Brazil)</subfield>
    <subfield code="x">0370-6583; 2175-7860 on-line</subfield>
    <subfield code="g">v. 71 p. 1-13; (2020)</subfield>
    <subfield code="w">BR2025003345</subfield>
  </datafield>
  <datafield tag="856" ind1=" " ind2=" ">
    <subfield code="u">https://www.scielo.br/j/rod/a/jqCTvNpGCKb5khSdyXXqHxx/?format=pdf&amp;lang=en</subfield>
  </datafield>
  <datafield tag="942" ind1=" " ind2=" ">
    <subfield code="c">ANA</subfield>
  </datafield>
  <datafield tag="999" ind1=" " ind2=" ">
    <subfield code="c">337377</subfield>
    <subfield code="d">337377</subfield>
  </datafield>
</record>
